LEADER 01492nam--2200421---450- 001 990002456710203316 005 20050729094709.0 010 $a92-78-40127-7 035 $a000245671 035 $aUSA01000245671 035 $a(ALEPH)000245671USA01 035 $a000245671 100 $a20050729d2003----km-y0itaa50------ba 101 0 $aita 102 $aLU 105 $ay---z---001yy 200 1 $aVersioni consolidate del trattato sull'Unione Europea e del trattato che istituisce la Comunita europea$e(GU C 325 del 24.12.2002)$fUnione europea 210 $aLussemburgo$cUfficio delle pubblicazioni ufficiali delle Comunita europee$d2003 215 $a184 p.$d25 cm 300 $aTit. in cop: Trattati consolidati 410 0$12001 454 1 $12001 461 1$1001------$12001 517 1$aTrattati consolidati 606 0 $aUnione europea$xTrattati internazionali$xTesti 676 $a341.24220265 699 $a01.11$bDiritto delle CE - Convenzioni - Trattati - Tassazione 710 02$aUnione europea$0361259 801 0$aIT$bsalbc$gISBD 912 $a990002456710203316 951 $aCDE 01.11 (XIII)$b12530 E.C.$cCDE 01.11$d00134904 959 $aBK 969 $aCDE 979 $aIANNONE$b90$c20050729$lUSA01$h0947 979 $aPATRY$b90$c20060718$lUSA01$h1617 979 $aCHIARA$b90$c20101001$lUSA01$h1053 996 $aVersioni consolidate del Trattato sull'Unione Europea e del trattato che istituisce la Comunità europea$91030772 997 $aUNISA